02073nam a22001697a 4500999001900000008004100019100002200060245012700082260005100209300003400260520133200294650009401626773005101720906001701771942000701788952010801795 c522188d522188230314b ||||| |||| 00| 0 eng d aWani, Kena938989 aTrustees of the nation: Business, philanthropy and changing modes of legitimacy in colonial and postcolonial western India aThe Indian Economic and Social History Review  a 69(1), Jan-Mar, 2022: p.5-36 aThis article presents a historical account of the public lives of philanthropic endeavours that involved business actors in western India, from the late nineteenth century till early decades of the post-independence period. Two cases—that of the traditionally maintained animal shelter-homes called ‘pinjrapoles’ and that of the Tilak Swaraj Fund Trust, founded to aid the nationalist movement in early twentieth century India—are analysed. The article scrutinises through the case of the pinjrapoles how traditionally practiced religious forms of charity came to obtain a wider purchase within the colonial order since the late nineteenth century as public-oriented philanthropic actions and institutions. In considering the history of the Swaraj Fund, the article traces how the politics of accountability interrupted philanthropic institutions and in turn the social standing of business patrons within the fold of Gandhian nationalism and its accompanying models of ‘trusteeship’. In studying these two cases, the article tries to understand how the relationship of western Indian business actors with colonial rule as well as the nationalist movement remained mediated by changing forms of philanthropic endeavours serving emerging modes of legitimacy and their accompanying mandates of publicity.- Reproduced  aPhilanthropy, Business, Charity, Trusts, Trusteeship, Western India, Pinijraple. 936895 aThe Indian Economic and Social History Review  aPHILANTHROPY cAR 00102ddc40709396873aIIPAbIIPAd2023-03-14h69(1), Jan-Mar, 2022: p.5-36pAR128430r2023-03-14yAR